[Event "Istanbul Bagcilar op"]
[Site "Istanbul"]
[Date "2023.09.08"]
[Round "8"]
[White "Urun, Sina Mete"]
[Black "Yegin, Ahmet Hakan"]
[Result "1-0"]
[WhiteElo "1532"]
[BlackElo "1460"]
[PlyCount "75"]
[EventDate "2023.09.03"]
[EventType "swiss"]
[EventRounds "9"]
[EventCountry "TUR"]
[SourceTitle "EXT 2024"]
[Source "ChessBase"]
[SourceDate "2023.10.10"]
[SourceVersion "1"]
[SourceVersionDate "2023.10.10"]
[SourceQuality "1"]

1. e4 e6 2. d4 d5 3. Nd2 dxe4 4. Nxe4 Nd7 5. Nf3 Be7 6. Bd3 Ngf6 7. Bf4 0-0 8. Qe2 b6 9. 0-0-0 Bb7 10. g4 Nxe4 11. Bxe4 Bxe4 12. Qxe4 Nf6 13. Qe2 Qd5 14. Kb1 c5 15. g5 Qe4 16. Qxe4 Nxe4 17. Rhe1 Nxf2 18. Rd2 Nh3 19. Be3 Rad8 20. dxc5 Rxd2 21. Bxd2 Bxc5 22. b4 Bd6 23. Re4 Rd8 24. Be3 e5 25. c4 Nf4 26. c5 bxc5 27. bxc5 Rb8+ 28. Ka1 Bc7 29. Nxe5 Ba5 30. Bd4 Ne6 31. Nc6 Rb5 32. a4 Bc3+ 33. Ka2 Rb2+ 34. Ka3 Bxd4 35. Nxd4 Rxh2 36. Nxe6 fxe6 37. Rc4 Rh3+ 38. Kb4 1-0

[Event "TUR Cup"]
[Site "Antalya"]
[Date "2020.01.29"]
[Round "6"]
[White "Engin, Cagla"]
[Black "Urun, Sina Mete"]
[Result "1-0"]
[WhiteElo "1418"]
[BlackElo "1494"]
[PlyCount "63"]
[EventDate "2020.01.26"]
[EventType "swiss"]
[EventRounds "11"]
[EventCountry "TUR"]
[SourceTitle "CBM 194 Extra"]
[Source "ChessBase"]
[SourceDate "2020.03.31"]
[SourceVersion "1"]
[SourceVersionDate "2020.03.31"]
[SourceQuality "1"]

1. e4 e6 2. d4 d5 3. e5 c5 4. c3 Nc6 5. Nf3 Qb6 6. a3 a5 7. Bd3 Bd7 8. Bc2 cxd4 9. cxd4 f6 10. 0-0 Be7 11. Nc3 f5 12. Re1 h6 13. Bxf5 exf5 14. Nxd5 Qd8 15. Nxe7 Ncxe7 16. d5 Nc8 17. e6 Bb5 18. Nd4 Qxd5 19. Qh5+ Kd8 20. Bg5+ Nf6 21. Bxf6+ gxf6 22. Nxb5 Qxb5 23. Qf7 Nd6 24. Qxf6+ Kc7 25. Qe7+ Kb6 26. Qxd6+ Ka7 27. e7 Rab8 28. Rac1 Qxb2 29. Rb1 Qc3 30. Qb6+ Ka8 31. Rec1 Qd2 32. Rc5 1-0